सीढ़ीयां शुरू हो गयी हैं : (Record no. 112643)

MARC details
000 -LEADER
fixed length control field 01172nam a22002537a 4500
005 - DATE AND TIME OF LATEST TRANSACTION
control field 20170124102941.0
010 ## - LIBRARY OF CONGRESS CONTROL NUMBER
LC control number A-805431
020 ## - INTERNATIONAL STANDARD BOOK NUMBER
Terms of availability 100.00
International Standard Book Number 8170554985
035 ## - SYSTEM CONTROL NUMBER
System control number A-805431
037 ## - SOURCE OF ACQUISITION
Source of stock number/acquisition Cen Lib/Ret
040 ## - CATALOGING SOURCE
Original cataloging agency DPL
Language of cataloging HN
082 ## - DEWEY DECIMAL CLASSIFICATION NUMBER
Classification number 823.08
Item number वाजपे
100 ## - MAIN ENTRY--PERSONAL NAME
Personal name वाजपेयी, अशोक
9 (RLIN) 48542
245 ## - TITLE STATEMENT
Title सीढ़ीयां शुरू हो गयी हैं :
Statement of responsibility, etc अशोक वाजपेयी
Remainder of title आलोचना,साहित्य और कथा /
246 ## - VARYING FORM OF TITLE
Title proper/short title Seedhiyan shuru ho gayi hain : aalochna,sahitye aur katha /
Remainder of title by Ashok Vajpeyi
260 ## - PUBLICATION, DISTRIBUTION, ETC. (IMPRINT)
Place of publication, distribution, etc नयी दिल्ली
Name of publisher, distributor, etc वाणी प्रकाशन
Date of publication, distribution, etc 1996
270 ## - ADDRESS
Address 21 ए, दरियागंज
City नयी दिल्ली
Postal code 110002
300 ## - PHYSICAL DESCRIPTION
Extent 136पृ.
Dimensions 20सेमी (सजिल्द)
650 ## - SUBJECT ADDED ENTRY--TOPICAL TERM
Topical term or geographic name as entry element हिन्दी -- साहित्य
9 (RLIN) 48543
650 ## - SUBJECT ADDED ENTRY--TOPICAL TERM
Topical term or geographic name as entry element हिन्दी -- आलोचना और साहित्य
9 (RLIN) 48544
650 ## - SUBJECT ADDED ENTRY--TOPICAL TERM
Topical term or geographic name as entry element Hindi - literature
9 (RLIN) 48545
650 ## - SUBJECT ADDED ENTRY--TOPICAL TERM
Topical term or geographic name as entry element Hindi - criticism and literature
9 (RLIN) 48546
942 ## - ADDED ENTRY ELEMENTS (KOHA)
Source of classification or shelving scheme Dewey Decimal Classification
Koha item type Hindi Books
Classification part 823.08
Call number suffix वाजपे
Holdings
Withdrawn status Lost status Damaged status Not for loan Home library Current library Date acquired Source of acquisition Cost, normal purchase price Total Checkouts Full call number Barcode Date last seen Copy number Cost, replacement price Price effective from Koha item type
        Central Library Central Library 10/08/2015 Cen Lib/Ret 100.00   823.08 वाजपे A-805431 10/08/2015 1 100.00 10/08/2015 Hindi Books

© Delhi Public Library
Hit Counter
free hit counter